La evolución del pensamiento historico en los tiempos modernos

Sparad:
Bibliografiska uppgifter
Huvudupphovsman: Fernández Alvarez, Manuel (Författare, medförfattare)
Materialtyp: Bok
Språk:spanska
Publicerad: Madrid Nacional 1974
Ämnen:
Taggar: Lägg till en tagg
Inga taggar, Lägg till första taggen!

MARC

LEADER 00000nam a2200000 a 4500
001 UCX8601
003 CL-VaPUC
008 940414e19740000SP |||||||||||||||||spa|d
082 0 4 |a 907.2  |b FER  |2 21 
100 0 |a Fernández Alvarez, Manuel  |e author  |9 325766 
245 1 3 |a La evolución del pensamiento historico en los tiempos modernos 
300 |a 149 p 
942 |c BK 
945 |d 19940414 00:00:00  |a aalvarez 
260 |a Madrid  |b Nacional  |c 1974 
650 7 |a HISTORIOGRAFIA HISTORIA  |2 CL-VaPUC  |9 319218 
583 |a last modification  |c 19940414 00:00:00  |k Rodrigo Vera 
999 |c 228052  |d 228050 
952 |0 0  |1 0  |4 0  |6 907_200000000000000_FER_1974  |7 0  |8 DER_HIS  |9 227646  |a BIBDER  |b BIBDER  |d 2019-11-15  |i 2969890  |o 907.2 FER 1974  |p 2969890  |r 2023-01-25  |w 2019-11-15  |x Ubicación 4to Piso  |y BK  |z Estos recursos deben solicitarse con anticipación  |k DER